Ion exchange membranes

Gardado en:
Detalles Bibliográficos
Autor Principal: Flett, D. S (Author)
Formato: Libro
Idioma:inglés
Publicado: Londres Society of Chemical Industry 1983
Londres Ellis Horwood 1983
Subjects:
Tags: Engadir etiqueta
Sen Etiquetas, Sexa o primeiro en etiquetar este rexistro!

MARC

LEADER 00000nam a2200000 a 4500
001 UCU7190
003 CL-VaPUC
008 960628e19830000uk |||||||||||||||||eng|d
082 0 4 |a 660.297  |b FLE  |2 21 
100 0 |a Flett, D. S  |e author  |9 365798 
245 1 0 |a Ion exchange membranes 
300 |a 210 p 
942 |c BK 
945 |d 19960628 00:00:00  |a paguirre 
260 |a Londres  |b Society of Chemical Industry  |c 1983 
260 |a Londres  |b Ellis Horwood  |c 1983 
650 0 |a Tecnología química   |9 263002 
650 7 |a SEPARACION QUIMICA  |2 CL-VaPUC  |9 342424 
650 7 |a IONES  |2 CL-VaPUC  |9 337399 
650 0 |a Membrana celular  |9 365516 
650 7 |a ELECTROLISIS  |2 CL-VaPUC  |9 360639 
650 7 |a MOVILIDAD IONICA  |2 CL-VaPUC  |9 365799 
583 |a last modification  |c 20171213 02:42:56  |k Rodrigo Vera 
999 |c 249875  |d 249873 
952 |0 0  |1 0  |4 0  |6 660_297000000000000_FLE_1983_1983  |7 0  |8 A  |9 267428  |a BIBING  |b BIBING  |d 2019-11-19  |i 169541K  |l 1  |o 660.297 FLE 1983 1983  |p 169541K  |q 2024-05-17  |r 2024-04-17  |s 2024-04-17  |w 2019-11-19  |y BK  |k EIQ